000 01013nam a2200277 i 4500
001 18576
003 ES-MaACL
005 20230906151853.0
007 t|
008 020213s2000 sp ||||1| spa d
020 _a84-309-3593-2
080 _a351.777.6(460)"19"(094.5)
245 0 0 _aLegislación del medio ambiente /
_cedición preparada por Francisco Delgado Piqueras, José Antonio Moreno Molina, Nuria Garrido Cuenca ; dirección y coordinación de Miguel Sánchez Morón.
250 _a4ª ed.
260 _aMadrid :
_bTecnos,
_c2000.
300 _a1297 p. ;
_c17 cm.
490 1 _aBiblioteca de textos legales ;
_v146
650 4 _aMedio ambiente-
_zEspaña-
_vLegislación.
_914955
700 1 _aDelgado Piqueras, Francisco.
_943479
700 1 _aSánchez Morón, Miguel.
_9102800
700 1 _aMoreno Molina, José Antonio.
_983403
700 1 _aGarrido Cuenca, Núria.
_955693
830 1 _aBiblioteca de textos legales ;
_v146
_9177271
852 _aES-MaACL
_jL-16554
999 _c18576
_d18576